000
00298nam a22001337a 4500
008
260211b ||||| |||| 00| 0 eng d
020
_a
9788800806534
041
_a
ital
080
_a
0.3
100
_a
20
101
_a
ital
245
_a
Spaghetti Al Veleno
_c
Valentina Mapelli
942
_2
lcc
_c
BK
999
_c
60787
_d
60787